000 00472nam a2200181Ia 4500
001 22946
005 20260414150904.0
008 260414t1999||||xx |||||||||||||| ||spa||
041 _aESP
082 _a624.171
_bCH517
100 _aChandrupatla, Tirupathi R.
_eAUT
245 0 _aIntroducción al estudio del elemento finito en ingeniería
_b
260 _c1999
300 _axvi, 462 páginas :
_c23 cm.
650 _a0
654 _aCIC
942 _cLIB
_dJUS
_fJUS
_2ddc
_n
999 _c22946
_d22946